| 000 | 00766nam a2200229 a 4500 | ||
|---|---|---|---|
| 001 | 58128 | ||
| 003 | BD-RjUL | ||
| 005 | 20211209080605.0 | ||
| 008 | 751206s1950 enkac b 000 0 eng | ||
| 035 | _a(BD-RjUL) | ||
| 040 |
_aDLC _cFMU _dBD-RjUL _beng |
||
| 041 | _aeng | ||
| 082 |
_a330.942 _223 _bGRS 1952 |
||
| 100 | 1 |
_aGregg, Pauline. _9172666 |
|
| 245 | 1 | 2 | _aA social and economic history of Britain, 1760-1950 / |
| 260 |
_aLondon : _bHarrap, _c1950 [ Reprinted 1952] |
||
| 300 |
_aPt. ; _bill. _c23 cm. |
||
| 504 | _aIncludes bibliographies. | ||
| 505 | 0 | _aPart I : The Rise of the middle classes Part II : The Rise of the working classes Part III : A Century of social reform -- | |
| 651 | 0 |
_aGreat Britain _xEconomic conditions. _9172667 |
|
| 942 |
_2ddc _cBK |
||
| 999 |
_c58128 _d58128 |
||